Historia de la salvación: guión bíblico
Salvato in:
| Autore principale: | |
|---|---|
| Natura: | Libro |
| Lingua: | spagnolo |
| Pubblicazione: |
Santiago
Comisión Nacional de Catequesis
1988
|
| Edizione: | 4a. ed |
| Soggetti: | |
| Tags: |
Aggiungi Tag
Nessun Tag, puoi essere il primo ad aggiungerne!!
|
MARC
| LEADER | 00000nam a2200000 a 4500 | ||
|---|---|---|---|
| 001 | UCW9658 | ||
| 003 | CL-VaPUC | ||
| 008 | 890605e19880000CL |||||||||||||||||spa|d | ||
| 082 | 0 | 4 | |a 268.6 |b GAR |2 21 |
| 100 | |a García Ahumada, Enrique |e author |9 600813 | ||
| 245 | 1 | 0 | |a Historia de la salvación: guión bíblico |
| 250 | |a 4a. ed | ||
| 300 | |a 37 p | ||
| 942 | |c BK | ||
| 945 | |d 19890605 00:00:00 | ||
| 260 | |a Santiago |b Comisión Nacional de Catequesis |c 1988 | ||
| 650 | 0 | |a Salvación |9 315007 | |
| 583 | |a last modification |c 19890605 00:00:00 |k Rodrigo Vera | ||
| 999 | |c 221570 |d 221568 | ||
| 952 | |0 0 |1 0 |4 0 |6 268_600000000000000_GAR_1988 |7 0 |8 A |9 215043 |a BIBTEO |b BIBTEO |d 2019-11-15 |i 2836033 |o 268.6 GAR 1988 |p 2836033 |r 2025-01-17 |w 2019-11-15 |y BK |k ICR | ||